<?xml version="1.0" encoding="UTF-8"?>
<resp>
  <nextPage>https://data.bn.org.pl/api/networks/bibs.marcxml?marc=001+b00001150001549&amp;sinceId=1150001550</nextPage>
  <collection>
    <record xmlns='http://www.loc.gov/MARC21/slim'><leader>01648namZa2200445ZiZ4500</leader><controlfield tag='001'>b00001150001549</controlfield><controlfield tag='005'>20251018080337.7</controlfield><controlfield tag='008'>230609s        pl           |000 0 pol c</controlfield><controlfield tag='009'>9913262070405606</controlfield><datafield ind1=' ' ind2=' ' tag='020'><subfield code='a'>8385594329</subfield></datafield><datafield ind1=' ' ind2=' ' tag='035'><subfield code='a'>KR_1KR_1_20120317235823075925-48omnis_kr</subfield></datafield><datafield ind1=' ' ind2=' ' tag='035'><subfield code='a'>KR_1_20120317235823075925</subfield><subfield code='9'>ExL</subfield></datafield><datafield ind1=' ' ind2=' ' tag='035'><subfield code='a'>(PL)b00001150001549</subfield></datafield><datafield ind1=' ' ind2=' ' tag='040'><subfield code='a'>KR_1</subfield><subfield code='c'>KR_1</subfield></datafield><datafield ind1='1' ind2=' ' tag='041'><subfield code='a'>pol</subfield><subfield code='h'>eng</subfield></datafield><datafield ind1='1' ind2=' ' tag='100'><subfield code='a'>Lewis, C. S.</subfield><subfield code='d'>(1898-1963)</subfield></datafield><datafield ind1='1' ind2='0' tag='245'><subfield code='a'>Lew, Czarownica i stara szafa /</subfield><subfield code='c'>C[live] S[taples] Lewis ; przeł. Andrzej Polkowski ; il. Pauline Baynes.</subfield></datafield><datafield ind1=' ' ind2=' ' tag='260'><subfield code='a'>Poznań :</subfield><subfield code='b'>&quot;Media Rodzina&quot;,</subfield><subfield code='c'>[2000].</subfield></datafield><datafield ind1=' ' ind2=' ' tag='300'><subfield code='a'>181 s. :</subfield><subfield code='b'>il. ;</subfield><subfield code='c'>20 cm.</subfield></datafield><datafield ind1='1' ind2=' ' tag='490'><subfield code='a'>Opowieści z Narnii</subfield></datafield><datafield ind1=' ' ind2=' ' tag='500'><subfield code='a'>d</subfield></datafield><datafield ind1='1' ind2=' ' tag='700'><subfield code='a'>Polkowski, Andrzej.</subfield><subfield code='e'>Tł.</subfield></datafield><datafield ind1='1' ind2=' ' tag='700'><subfield code='a'>Baynes, Pauline.</subfield><subfield code='e'>Il.</subfield></datafield><datafield ind1=' ' ind2=' ' tag='852'><subfield code='8'>22790157880008210</subfield><subfield code='j'>1</subfield><subfield code='b'>F03</subfield><subfield code='p'>01085873</subfield><subfield code='c'>UBYTKI_F03</subfield></datafield><datafield ind1=' ' ind2=' ' tag='852'><subfield code='8'>22790157860008210</subfield><subfield code='j'>1</subfield><subfield code='b'>F11</subfield><subfield code='p'>10066632</subfield><subfield code='c'>UBYTKI_F11</subfield></datafield><datafield ind1=' ' ind2=' ' tag='852'><subfield code='8'>22790138610008210</subfield><subfield code='j'>1</subfield><subfield code='b'>F18</subfield><subfield code='p'>10117106</subfield><subfield code='c'>UBYTKI_F18</subfield></datafield><datafield ind1=' ' ind2=' ' tag='852'><subfield code='8'>22790157940008210</subfield><subfield code='j'>0</subfield><subfield code='b'>F10</subfield><subfield code='p'>10506578</subfield><subfield code='c'>lok10</subfield></datafield><datafield ind1=' ' ind2=' ' tag='852'><subfield code='8'>22809153730008210</subfield><subfield code='j'>1</subfield><subfield code='b'>F10</subfield><subfield code='p'>10506771</subfield><subfield code='c'>UBYTKI_F10</subfield></datafield><datafield ind1=' ' ind2=' ' tag='852'><subfield code='8'>22790157900008210</subfield><subfield code='j'>1</subfield><subfield code='b'>F14</subfield><subfield code='p'>10515070</subfield><subfield code='c'>UBYTKI_F14</subfield></datafield><datafield ind1=' ' ind2=' ' tag='852'><subfield code='8'>22775778390008415</subfield><subfield code='j'>0</subfield><subfield code='b'>KP</subfield><subfield code='p'>000036182091</subfield><subfield code='c'>WG</subfield><subfield code='z'>Pf III</subfield></datafield><datafield ind1=' ' ind2=' ' tag='852'><subfield code='8'>22775778390008415</subfield><subfield code='j'>0</subfield><subfield code='b'>KP</subfield><subfield code='p'>000036182084</subfield><subfield code='c'>WG</subfield><subfield code='z'>Pf III</subfield></datafield><datafield ind1=' ' ind2=' ' tag='852'><subfield code='b'>48OMNIS_KR</subfield><subfield code='8'>991000015489708216</subfield></datafield><datafield ind1=' ' ind2=' ' tag='852'><subfield code='b'>48OMNIS_MBPG</subfield><subfield code='8'>991002336079708210</subfield></datafield><datafield ind1=' ' ind2=' ' tag='852'><subfield code='b'>48OMNIS_KPS</subfield><subfield code='8'>990009182050208415</subfield></datafield><datafield ind1=' ' ind2=' ' tag='852'><subfield code='b'>48OMNIS_NETWORK</subfield><subfield code='8'>9913262070405606</subfield></datafield><datafield ind1=' ' ind2=' ' tag='920'><subfield code='a'>83-85594-32-9</subfield></datafield></record>
  </collection>
</resp>
